000 01045nmm a2200277 a 4500
001 ocm0001083757
003 TR-IsHL
005 20201028151649.0
008 150709s1999 tu tur
007 cr cn
035 _a1083757
_b(N$T)
050 0 4 _aD811.5
_b.I47 1999
090 0 4 _aD811.5
_b.I47 1999
100 1 _aİkram Han, Hüseyin
245 1 0 _aBir Türkistanlının İkinci Dünya Savaşı hatıraları
_h[electronic resource] /
_cHüseyin İkram Han
260 _aİstanbul :
_bBedir Yayınları,
_c1999
300 _a257 p.
650 4 _aTarih
650 4 _aHistory
650 0 _aDünya Savaşı, 1939-1945
_xSavaşlar
_xDoğu Cephesi
650 0 _aWorld War, 1939-1945
_xCampaigns
_xEastern
650 0 _aDünya Savaşı, 1939-1945
_xKişisel anlatımlar, Türk halkı
650 0 _aWorld War, 1939-1945
_xPersonal narratives, Turkic peoples
650 7 _aHISTORY / Middle East / Turkey & Ottoman Empire
_2bisacsh
856 4 0 _uhttp://search.ebscohost.com/login.aspx?direct=true&scope=site&db=e011xww&AN=1083757
999 _c11123
_d11123